Auswanderungen Peru - Statistiken

Allgemein
  • Dieses Quiz wurde 61 mal gespielt
  • Das Durchschnittsergebnis liegt bei 8 aus 10
Antwortstatistiken
Platz Land Anzahl % Korrekt
8. Brasilien 46.537
96%
1. Vereinigte Staaten 626.789
96%
2. Argentinien 319.183
95%
3. Chile 266.244
89%
4. Spanien 252.496
89%
9. Kanada 34.385
86%
10. Frankreich 30.000
74%
6. Venezuela 98.974
68%
5. Italien 109.668
65%
7. Japan 60.000
51%
Keine übereinstimmenden Quizze gefunden
Verteilung der Resultate
Anzahl Personen mit jedem Resultat
Perzentil nach korrekt beantworteten Fragen
Ihre Resultats-Entwicklung
Sie haben dieses Quiz noch nicht gespielt